ბათუმის შოთა რუსთაველის სახელმწიფო უნივერსიტეტის ბიბლიოთეკა

Организация внешнеэкономической деятельности предприятий (ბიბ.ჩანაწერი № 37109)

000 -LEADER
fixed length control field 00756nam a2200217Ia 4500
001 - CONTROL NUMBER
control field 3065
003 - CONTROL NUMBER IDENTIFIER
control field GE_BSU
008 - FIXED-LENGTH DATA ELEMENTS--GENERAL INFORMATION
fixed length control field 181216s||||||||xx |||||||||||||| ||und||
020 ## - INTERNATIONAL STANDARD BOOK NUMBER
International Standard Book Number 5870880319
040 ## - CATALOGING SOURCE
Transcribing agency GE_BSU
080 ## - UNIVERSAL DECIMAL CLASSIFICATION NUMBER
Universal Decimal Classification number 334+658(075.8)
245 ## - TITLE STATEMENT
Title Организация внешнеэкономической деятельности предприятий
245 ## - TITLE STATEMENT
Remainder of title Учебное пособие
245 ## - TITLE STATEMENT
Statement of responsibility, etc. Федорова, Е. А. Савенков, В.А. Белоцерковский, В. И.
260 ## - PUBLICATION, DISTRIBUTION, ETC.
Place of publication, distribution, etc. Тула
260 ## - PUBLICATION, DISTRIBUTION, ETC.
Date of publication, distribution, etc. 1997
300 ## - PHYSICAL DESCRIPTION
Extent 496 с. 29 см.
653 ## - INDEX TERM--UNCONTROLLED
Uncontrolled term Организация внешнеэкономической деятельности предприятий
942 ## - ADDED ENTRY ELEMENTS (KOHA)
Koha item type წიგნი
ეგზემპლარები
Withdrawn status Lost status Damaged status Not for loan Date acquired Barcode Date last seen Price effective from Koha item type Public note
        2018-12-17 8261 2018-12-17 2018-12-17 წიგნი დარბაზი
        2018-12-17 8262 2018-12-17 2018-12-17 წიგნი დარბაზი